000 00510nam a2200241Ia 4500
008 210210b2011 xxu||||| |||| 00| 0 eng d
020 _a9789380280158
041 _aeng
082 _a346.066 MAIT
100 _aMAIYA (Umesh)
245 _aTextbook of company law Ed 5
250 _a
260 _aUdupi
_b-
_c2011
300 _avi,218
650 _aTextbook
650 _aof
650 _alaw
650 _aEd
650 _acompany
650 _a5
690 _aCompany Law
906 _a065659
999 _c146393
_d146393